000 00969nam a2200205Ia 4500
003 Ost
005 20260507075017.0
008 260507s9999||||xx |||||||||||||| ||und||
040 _cfsecg
041 _aara
082 _a330
100 _aأبو أحمد، رضا صاحب
_eمؤلف
245 0 _aأساسيات إقتصاديات الأعمال /
_c رضا صاحب أبو أحمد
260 _aعمان:
_bدار المناهج,
_c2003
300 _a435 صفحة؛
_bإيضاحات ؛
_c25 سم
520 _aاقتصاديات الأعمال وعلاقته بكل من الإقتصاد والإدارة-قرارات الإنتاج-تحليل التكاليف-تحليل الأسماء-قرارات التسيير السلعي-سياسات المنشأة الإقتصادية-السيطرة على التخزين وتحديد حجم الدفعة الإقتصادية-الطلب
653 _aإلادارة
653 _aالاقتصاد
942 _cكتاب
999 _c42225
_d42225